To improve health and health care
The Robert Wood Johnson Foundation is arguably the most important health care philanthropy at present, and perhaps ever. With a booming stock market adding almost daily to its corpus, the foundation has large and growing outlays that totaled
Na minha lista:
| Formato: | Livro |
|---|---|
| Idioma: | Undetermined |
| Publicado em: |
San Francisco
Jossey-Bass
2004
|
| Assuntos: | |
| Tags: |
Adicionar Tag
Sem tags, seja o primeiro a adicionar uma tag!
|
| Thư viện lưu trữ: | Trung tâm Học liệu Trường Đại học Cần Thơ |
|---|
| LEADER | 01657nam a2200205Ia 4500 | ||
|---|---|---|---|
| 001 | CTU_108676 | ||
| 008 | 210402s9999 xx 000 0 und d | ||
| 082 | |a 613 | ||
| 082 | |b I.34/Vol.VII | ||
| 245 | 0 | |a To improve health and health care | |
| 245 | 0 | |c Edited by Stephen L. Isaacs, James R. Knickman | |
| 260 | |a San Francisco | ||
| 260 | |b Jossey-Bass | ||
| 260 | |c 2004 | ||
| 520 | |a The Robert Wood Johnson Foundation is arguably the most important health care philanthropy at present, and perhaps ever. With a booming stock market adding almost daily to its corpus, the foundation has large and growing outlays that totaled |2 67 million in 1996. This sum dwarfs the grants of all other health-related foundations and probably exceeds spending on health-services research and development by the entire federal government. The reach and ambition of the programs the foundation has pursued during its 25-year existence shine through in this slim book. What is most impressive and valuable about To Improve Health and Health Care 1997, however, is its careful recounting of programmatic performance -- both the successes and the shortfalls. For those who take the time to read the book carefully, it provides a valuable lesson for proponents of social change. The bottom line: expect failure, be patient, and build incrementally on small successes. | ||
| 650 | |a Robert Wood Johnson Foundation,Public health | ||
| 650 | |x Eriodicals,Research grants,Periodicals | ||
| 650 | |z United States | ||
| 904 | |i Hiếu, Năm sửa cutter 613/I.73/Vol.VII thành 613/I.34/Vol.VII chưa in nhãn | ||
| 980 | |a Trung tâm Học liệu Trường Đại học Cần Thơ | ||